Chromatography for the analysis of lipids: (Record no. 3519)

000 -LEADER
fixed length control field 00464nam a2200181 4500
001 - CONTROL NUMBER
control field 3519
003 - CONTROL NUMBER IDENTIFIER
control field BD-DhUET
008 - FIXED-LENGTH DATA ELEMENTS--GENERAL INFORMATION
fixed length control field 141101b xxu||||| |||| 00| 0 eng d
020 ## - INTERNATIONAL STANDARD BOOK NUMBER
International Standard Book Number 0849342554
040 ## - CATALOGING SOURCE
Transcribing agency 0
Modifying agency BD-DhUET
082 ## - DEWEY DECIMAL CLASSIFICATION NUMBER
Classification number 547.77046
Item number HAM/1993
100 ## - MAIN ENTRY--PERSONAL NAME
Personal name Hammond ,Eugene W.
245 ## - TITLE STATEMENT
Title Chromatography for the analysis of lipids:
Statement of responsibility, etc. by Eugene W. Hammond
250 ## - EDITION STATEMENT
Edition statement 1st ed.
260 ## - PUBLICATION, DISTRIBUTION, ETC. (IMPRINT)
Place of publication, distribution, etc. Boca Raton:
Name of publisher, distributor, etc. CRC Press,
Date of publication, distribution, etc. 1993
300 ## - PHYSICAL DESCRIPTION
Extent 188 P.
942 ## - ADDED ENTRY ELEMENTS (KOHA)
Koha item type General Book
Holdings
Shelving location Not for loan Damaged status Date acquired Copy number Price effective from Withdrawn status Koha date last seen Koha item type Source of classification or shelving scheme Sublocation or collection (holding branch) Koha normalized classification for sorting Lost status Location (home branch) Koha full call number Piece designation (barcode)
Circulation section  2014-11-0112014-11-01 2014-11-01General Book Central Library, BUET547_000000000000000_77046HAM19 Central Library, BUET547.77046/HAM/1993109426
Circulation section  2014-11-0122014-11-01 2014-11-01General Book Central Library, BUET547_000000000000000_77046HAM19 Central Library, BUET547.77046/HAM/1993109427